000 00368 a2200157 4500
001 167643
020 _a
040 _cMagnum
100 _aRomao, Jose Eustaquio
240 1 0 _aAvaliacao dialogica: desafios e perspectivas
_lpor
245 1 0 _aAvaliacao dialogica: desafios e perspectivas
362 0 _a1899
440 1 _aCortez
697 _aENSINO
942 _cBK
999 _c167643
_d167643